Glossario calcistico - Quiz n°17 - Statistics

Statistiche generali
  • Questo quiz è stato fatto 14 volte
  • Il punteggio medio è 6 su 15
Statistiche sulle risposte
Definizione Risposta % Corretto
Elenco di squadre ordinate secondo il numero di punti ottenuti nel corso del campionato Classifica
100%
Narrazione della partita ad uso degli ascoltatori della radio Radiocronaca
92%
Termine (geometrico) alternativo utilizzato per riferirsi alla palla da gioco Sfera
85%
Pallonetto lento e centrale realizzato colpendo il pallone nella sua parte inferiore con il collo del piede (backspin). Il primo giocatore ad averlo eseguito è Antonín Panenka. Cucchiaio
77%
Termine inglese utilizzato in ambiente giornalistico per riferirsi ad un giocatore di caratura internazionale e di alto livello Top player
77%
Tattica impiegata allo scopo di perdere tempo e consistente in una serie pressoché ininterrotta di passaggi fra compagni di squadra senza reale costruzione di gioco offensivo Melina
69%
Zona laterale del campo di gioco prossima alla linea laterale Fascia
62%
Situazione in cui il portatore di palla affronta, tentando di superarlo in dribbling, un singolo avversario Uno contro uno
46%
Terreno rettangolare sul quale si svolge una partita. Le dimensioni sono mediamente di 105 × 70 m Terreno di gioco
31%
Colui il quale, per conto della UEFA, ha il compito di controllare che, prima, durante e dopo le partite delle competizioni UEFA per club e per Nazionali, tutto venga svolto come stabilito sia per quanto riguarda il rispetto dei regolamenti delle competizioni, sia per la sicurezza. Per ogni partita stila un proprio rapporto per quanto concerne l'organizzazione della partita, il comportamento delle squadra, dei giocatori (sanzioni ed episodi di fair play) e di spettatori e tifosi Delegato UEFA
0%
Terzino con spiccate doti offensive. Avanza sulla sua fascia di competenza nelle fasi di possesso della sua squadra per proporsi nelle azioni offensive Fluidificante
0%
Gol segnato nei primissimi istanti di gioco Gol a freddo
0%
Autorizzazione rilasciata dagli organi federali necessaria per poter prendere parte alle competizioni internazionali. Istituita nel 1999 e applicata dal 2002, prevede che le società debbano soddisfare determinati criteri per poter accedere alle coppe. Tali criteri sono di tipo legale, economico-finanziario, sportivo, organizzativo e infrastrutturale Licenza UEFA
0%
Effettuare un notevole salto in alto per colpire la palla di testa Prendere l'ascensore
0%
Capacità di un giocatore di interpretare la disposizione tattica di compagni e avversari durante le varie fasi della gara Visione di gioco
0%
Nessun quiz corrispondente trovato
Distribuzione punteggi
Percentuale di utenti per punteggio
Percentile per numero di risposta
I tuoi punteggi nel tempo
Non hai fatto questo quiz